| 000 | 00761cam a22002531 4500 | ||
|---|---|---|---|
| 001 | he 68000470 | ||
| 003 | DLC | ||
| 005 | 20260227111453.0 | ||
| 008 | 840829s1837 gw 000 0 heb | ||
| 010 | _ahe 68000470 | ||
| 035 | _a(OCoLC)19199360 | ||
| 040 |
_aDLC _cMH _dDLC |
||
| 042 | _apremarc | ||
| 050 | 0 | 0 |
_aBM522.6 _b.A558 |
| 100 | 1 |
_aLanda, Shemuʼel ha-k. Yosef ha-Leṿi, _d1800-1836. |
|
| 245 | 1 | 0 |
_aKur ha-beḥinah : _bmi-sheʼelot u-teshuvot u-derashot Mishkan Shiloh... |
| 260 |
_aBreslau : _bBa-defus shel H. Zultsbakh, _c597 [1837] |
||
| 300 |
_a35 leaves ; _c24 cm. |
||
| 500 | _aNo more published. | ||
| 650 | 0 |
_aResponsa _y1800-1948. |
|
| 650 | 0 |
_aJewish sermons _zGermany. |
|
| 740 | 0 | _aMishkan Shiloh. | |
| 752 |
_aGermany _dBreslau |
||
| 999 |
_c32927 _d32927 |
||